000
00263nam a2200109Ia 4500
008
140130s9999 xx 000 0 und d
245
_c
Baer, Edith
_a
This is the way we go to school
260
_b
Scholastic,
_c
2006
440
_v
1
942
_c
BK
999
_c
41591
_d
41591